000 01526nam0a22002771 4500
001 rc\2714381
005 20260503055610.0
035 _a(NLR Aleph) 006842251
090 _a6658160
_c6658160
100 _a20110915d1938 |||y0rusy50 ca
101 0 _arus
102 _aRU
105 _aa j |||||
200 1 _aДорожные строительные материалы
_eУчебник для автодор. техникумов
_fСост. кафедрой "Дор. строит. материалы" МАДИ под ред. проф. П. В. Сахарова
210 _aМосква
_aЛенинград
_cГостранстехиздат
_d1938
_eМосква
_gОбразцовая тип.
215 _a256 с.
_cил.
_d22 см.
300 _aИз предисл.: "В сост. учебника принимали участие: доц. Иванов Н. Н., доц. Зеленов К. Г., доц. Короткевич Н. Н. и др."
702 1 _aСахаров
_bП.В.
_gПавел Вячеславович
_4340
702 1 _4220
_7ca
_8rus
_aИванов
_bН.Н.
_cд-р техн. наук, дорож. стр-во
_f1888-1977
_gНиколай Николаевич
_3RU\NLR\AUTH\770131883
_9131849
712 0 2 _aМосковский автомобильно-дор. ин-т им. В. М. Молотова
_bКафедра "Дорожное строит. материалов"
801 0 _aRU
_bNLR
_gpsbo
801 1 _aRU
_bELAR
_2rusmarc
852 _aNLR
_j38-4/247
942 _cBOOK
980 _aNB